| 000 | 00722nam a2200217 a 4500 | ||
|---|---|---|---|
| 001 | 000010970 | ||
| 005 | 20200929162328.0 | ||
| 008 | 091013s1975 dr a 001 0 spa d | ||
| 040 |
_aDO-SdBNP _bspa _cBNPHU |
||
| 082 |
_a155.3 _bP974s |
||
| 245 | 0 | 0 |
_aPsicología y sexualidad / _ccoolaboradores Luis E. Montalvo... [et.al]. |
| 260 |
_aSanto Domingo : _bInstituto Nacional de Educación Sexual, _c1975. |
||
| 300 |
_a244 p. : _bil. ; _c22 cm. |
||
| 490 | 1 |
_aEducación sexual _v6 |
|
| 650 | 4 |
_aSexo (psicología) _9153 |
|
| 650 | 4 |
_aSexualidad infantil _926378 |
|
| 650 | 4 |
_aHomosexualidad _xAspectos psicologícos _926379 |
|
| 700 | 1 |
_aMontalvo, Luis E. _926380 |
|
| 830 | 0 |
_aEducación Sexual _v6 _926381 |
|
| 049 | _aBNPD | ||
| 999 |
_c10708 _d10708 |
||